Gestión social y municipios (Registro nro. 7871)

Detalles MARC
000 -LEADER
fixed length control field 01373 a2200229 4500
001 - CONTROL NUMBER
control field 62924
005 - DATE AND TIME OF LATEST TRANSACTION
control field 20260407155923.0
008 - FIXED-LENGTH DATA ELEMENTS--GENERAL INFORMATION
fixed length control field 260407a2005 arg spa d
003 - CONTROL NUMBER IDENTIFIER
control field AR-UNSa-BCEJYS
040 ## - CATALOGING SOURCE
Original cataloging agency AR-UNSa-BCEJYS
Language of cataloging spa
Transcribing agency AR-UNSa-BCEJYS
080 ## - UNIVERSAL DECIMAL CLASSIFICATION NUMBER
Universal Decimal Classification number 304.4
Common auxiliary subdivision Aspectos generales de las políticas y prácticas sociales y culturales (política social)
020 ## - INTERNATIONAL STANDARD BOOK NUMBER
International Standard Book Number 978-987-574-041-9
041 ## - LANGUAGE CODE
Language code of text/sound track or separate title spa
100 1# - MAIN ENTRY--PERSONAL NAME
Personal name Chiara, Magdalena
245 10 - TITLE STATEMENT
Title Gestión social y municipios
Name of part/section of a work De los escritorios del Banco Mundial a los barrios del Gran Buenos Aires
264 #1 - PRODUCTION, PUBLICATION, DISTRIBUTION, MANUFACTURE, AND COPYRIGHT NOTICE
Place of production, publication, distribution, manufacture Los Polvorines :
Name of producer, publisher, distributor, manufacturer Universidad Nacional de General Sarmiento
Date of production, publication, distribution, manufacture, or copyright notice 2005
300 ## - PHYSICAL DESCRIPTION
Extent 231 p.
Dimensions 21 cm.
505 ## - FORMATTED CONTENTS NOTE
Formatted contents note 1. Contexto y perspectiva del análisis - 2. El rol de los organismos multilaterales de crédito. Diseño y gestión de políticas públicas – 3. Un modelo para armar el estado y la política social. Los lineamientos del Banco Mundial – 4. Las coordenadas del análisis: los programas – 5. La gestión social local en el conurbano bonaerense: limitaciones, potencialidades y conflictos emergentes – 6. Escenario local: caracterización del municipio “Los Tilos” – 7. El “promin” en el municipio. ¿Caja de herramientas o locomotora de política sanitaria? -
590 ## - LOCAL NOTE (RLIN)
Local note niveau_biblio:m niveau_hierar:0
700 1# - ADDED ENTRY--PERSONAL NAME
Personal name Di Virgilio, María Mercedes
942 ## - ADDED ENTRY ELEMENTS (KOHA)
Koha item type
Existencias
Withdrawn status Lost status Damaged status Not for loan Home library Current library Shelving location Date acquired Total checkouts Full call number Barcode Date last seen Price effective from Koha item type
        Biblioteca Prof. Eusebio Cleto del Rey Biblioteca Prof. Eusebio Cleto del Rey   07/04/2026   304.4 C532 L116200 07/04/2026 07/04/2026 Libro